00632nam a2200193 a 450000100060000000300080000600500170001400800410003103500160007203500190008804000270010704100080013408200240014210000310016624501380019726000310033530000260036665000460039276495BD-RjUL20211209082842.0191211s1958 enk 000 0 eng u aocm01387866 a(BD-RjUL)76718 aGOMdOCLbengcBD-RjUL aeng 223a808.3bWEC 19581 aWest, Rebecca,d1892-1983.14aThe Court and the castle :ba study of the interactions of political and religious ideas in imaginative literature /cby Rebecca West aLondon :bMacmillan,c1958 avii, 240 p. ;c22 cm. 0aLiterature, ModernxHistory and criticism